000 00339nam a2200157Ia 4500
003 OSt
008 191201s2007 xx 000 0 und d
082 _a429
_bTHD
100 _aTHAKER, PK
245 0 _aDeveloping English skills
250 _aIMP
260 _aN. Delhi
_bOxford
_c2007
300 _a126
650 _aBBA
942 _2ddc
_cBK
999 _c5538
_d5538